Sheep breeding, (Record no. 10408)

MARC details
000 -LEADER
fixed length control field 00567cam a22002171 4500
001 - CONTROL NUMBER
control field agr45000319
003 - CONTROL NUMBER IDENTIFIER
control field DLC
005 - DATE AND TIME OF LATEST TRANSACTION
control field 20260227111003.0
008 - FIXED-LENGTH DATA ELEMENTS--GENERAL INFORMATION
fixed length control field 770912s1945 xx 000 0 eng
010 ## - LIBRARY OF CONGRESS CONTROL NUMBER
LC control number agr45000319
035 ## - SYSTEM CONTROL NUMBER
System control number (OCoLC)3258451
040 ## - CATALOGING SOURCE
Original cataloging agency DLC
Transcribing agency OC
Modifying agency DLC
042 ## - AUTHENTICATION CODE
Authentication code premarc
050 00 - LIBRARY OF CONGRESS CALL NUMBER
Classification number SF375
Item number .W32
082 ## - DEWEY DECIMAL CLASSIFICATION NUMBER
Classification number 636.30824
100 1# - MAIN ENTRY--PERSONAL NAME
Personal name Walker, Jasper Fletcher,
Dates associated with a name 1879-
245 00 - TITLE STATEMENT
Title Sheep breeding,
Statement of responsibility, etc. by J. F. Walker.
260 ## - PUBLICATION, DISTRIBUTION, ETC.
Place of publication, distribution, etc. Chicago, Ill.,
Name of publisher, distributor, etc. Breeder publications,
Date of publication, distribution, etc. c1945.
300 ## - PHYSICAL DESCRIPTION
Extent 128 p.
Other physical details illus.
Dimensions 20 cm.
650 #0 - SUBJECT ADDED ENTRY--TOPICAL TERM
Topical term or geographic name entry element Sheep.

No items available.

Powered by Koha